000 00382cam a2200145ua 4500
041 _aeng
_h
082 _a928.21
_bHAL/LI
100 _aHalsband, Robert .
245 _aLife of Lady Mary Wortley Montagu /
_cRobert Halsband.
_hTextual Documents
260 _aNew York :
_bOxford University Press ,
_c1960.
300 _a313 ; .
504 _a
942 _cBK
999 _c5774
_d5774